000
00191nam a2200073Ia 4500
008
170523s9999 xx 000 0 und d
100
_a
Lal- Jagdish
245
0
_a
Hydraulic Machines Including Fluidics
260
_a
Metropolitan
999
_c
12219
_d
12219